000 00702nam a22001937a 4500
999 _c169059
_d169059
005 20191105094903.0
010 _aB-730822
020 _a9789353093990
_c40.00
037 _adpl
_bPratham
082 _aS
100 _aSwaminathan, Pratibha
245 _aWhen will amma be back? /
_c by Pratibha Swaminathan; illustrated by Alankrita Amaya
260 _aBangaluru
_bPratham Books
_c2018
270 _a633-634,4th "C" Main,6th 'B' Cross, OMBR Layout Banaswadi,
_bBangalore
_e560043
_k911141042483 (New Delhi)
300 _a16p.
_bill.
_c18cm.(pbk)
700 _aAmaya, Alankrita
_935533
942 _2ddc
_cCH
_hS
_mSWA